| 000 | 00776nam a22002417a 4500 | ||
|---|---|---|---|
| 005 | 20170124110158.0 | ||
| 010 | _aA-371790 | ||
| 020 | _c00.00 | ||
| 035 | _aA-371790 | ||
| 037 | _bCen Lib/Ret | ||
| 040 |
_aDPL _bEN |
||
| 082 |
_a079.54 _bPAR |
||
| 100 |
_aParthasarathy, Rangaswami _99059 |
||
| 245 |
_aJournalism in india : _cby Rangaswami Parathasarathy _bfrom the earliest times to the present day / |
||
| 246 | _b | ||
| 260 |
_bSterling Publishers _aNew Delhi _c1989 |
||
| 270 |
_bNew Delhi _aL-10, green park extention _e110016 |
||
| 300 |
_axxiv, 400p. _c19cm(Hb) |
||
| 500 | _aIncludes bibliographical references and index | ||
| 650 |
_aJournalism _935481 |
||
| 650 |
_aHistorical aspects _935482 |
||
| 942 |
_2ddc _cEN _h079.54 _mPAR |
||
| 999 |
_c132689 _d132689 |
||